Datum a čas kvízu
31
Celkem bodů
Celkový počet nahraných bodů na tomto kvízu bez doplňovacích otázek.
3.
Pořadí na kvízu
Konečné umístění týmu na tomto kvízu.
Zaznamenané odpovědi
| # | Otázka | Odpověď | Body | Výsledky |
|---|---|---|---|---|
| 1. | Podnikatel tuniského původu Fe... | 0 | ||
| 2. | Na jednu z částí souostroví Ga... | 1 | ||
| 3. | Britská televize Channel 4 min... | 1 | ||
| 4. | V průzkumu britského magazínu... | 1 | ||
| 5. | Třetí muž průběžného pořadí ka... | 1 | ||
| 6. | Mezinárodní vesmírná stanice (... | 1 | ||
| 7. | V předchozí otázce bylo řečeno... | 0 | ||
| 8. | Standardní denní program posád... | 1 | ||
| 9. | Jak se jmenuje ruská kosmická... | 1 | ||
| 10. | První espresso kávovar, určený... | 0 |